000 00362nam a2200133Ia 4500
005 20251222141916.0
008 251222s9999||||xx |||||||||||||| ||spa||
020 _a968-6964-31-2
082 _a657.044/M86C
100 _aMoreno Fernández, Joaquín
245 0 _aContabilidad Intermedia II:
264 _bInstituto Mexicano de Contadores Públicos
942 _cLIB
999 _c8560
_d8560